000 00532nam a2200193Ia 4500
005 20250508155345.0
008 008 250505s9999 xx 000 0 hin d
037 _aTextual
040 _aFEDL
_beng
_cFEDL
041 _ahin
_2hin
084 _a155.4, SHE
_qFEDL
100 _aNirmala Sherjung
_9760081
245 0 _aBal vikas aur uski samsayain
260 _aBanaras, India
_bJugat Shankhdhar
_c1956
300 _a94p.
650 _aChild Psychology
942 _cTEXL
_h155.4, SHE
999 _c1356271
_d1356271